| 000 | 00982nac a22002051u 4500 | ||
|---|---|---|---|
| 008 | 090318s20032005xxu||||| |||| 00| 0 ara d | ||
| 020 | _a9990104522 (ج 1) | ||
| 020 | _a9990109478 (ج 2) | ||
| 020 | _a9990109583 (ج 3) | ||
| 082 |
_a327.1565 _bغ ت م |
||
| 100 | 1 |
_aالغتم ، محمد بن جاسم _920427 |
|
| 245 |
_aنظرة استراتيجية على مملكة البحرين والمنطقة العربية في إطار دولي / _cمحمد بن جاسم الغتم ، محمد نعمان جلال |
||
| 260 |
_aالمنامة : _bمركز البحرين للدراسات والبحوث ،2003 - 2005. _c2003 - 2005. |
||
| 300 |
_a3 مج ؛ _c24 سم. |
||
| 504 | _aيشتمل على إرجاعات ببليوجرافية | ||
| 650 |
_aالسياسة الدولية _917594 |
||
| 650 |
_aالبحرين _920429 _xالأحوال السياسية |
||
| 650 |
_aالعالم العربي _920430 _xالأحوال السياسية |
||
| 942 |
_cBB _k327.1537غ ت م _2ddc |
||
| 999 |
_c5766 _d5766 |
||